000 00567nam a2200181Ia 4500
003 OSt
005 20201222112051.0
008 190216s9999||||xx |||||||||||||| ||und||
020 _a9004070265
040 _coclc
082 _a297.03
_bLEW/T
100 _aLewis, B
_97758
245 4 _aThe Encyclopaedia Of Islam /
_cB Lewis ; CH Pellat ; J Schacht ; V L Menage ; E Van Donzel
260 _bE.J. Brill Publishers,
_c1983.
_aLieden:
300 _a1146p
650 _aEncyclopaedia Of Islam
942 _cREF
_2ddc
_h297.03
_iLEW/T
_k297.03
_mLEW/T
999 _c35517
_d35517